00652nam a2200193Ia 4500008004100000020001400041082001400055100002200069245003300091250000700124260004400131300002900175500001900204600002100223650005000244942000700294952014200301999001500443240925s9999 xx 000 0 und d a672310260 a005.7 AHM aAhmed ,Suhail M. 0aCORBA Programming Unleashed  aNA aUnited States:bSams Publishingc,1999. axxix,746p.bNAfOriginal aIncludes Index aComputer Science aComputer science, information & general works cBK 001040708CSaUITUbUITUd2003-08-28eDiverse Distribution Enterpriseg800.00l0o005.7 AHMpQ5198r2024-09-25 07:13:46w2024-09-25yBK c7697d7697